| 000 | 02573cam a22003131i 4500 | ||
|---|---|---|---|
| 003 | SA-RiAUC | ||
| 005 | 20241217150432.0 | ||
| 008 | 241216s1985____le g 000 0cara c | ||
| 040 |
_aSA-JeALM _bara _cSA-RiAUC _erda |
||
| 082 | 0 | 4 |
_a920 _qSA-RiAUC |
| 090 |
_a920 _bذ هـ ب |
||
| 100 | 1 |
_aالذهبي، محمد بن أحمد بن عثمان، _d673-748 هجري _eمؤلف. |
|
| 245 | 1 | 0 |
_aسير أعلام النبلاء / _cتأليف شمس الدين محمد بن أحمد الذهبي ؛ حققه وخرج أحاديثه وعلق عليه شعيب الأرناؤوط [ومجموعة آخرون] |
| 250 | _aالطبعة الثالثة. | ||
| 264 | 1 |
_aبيروت : _bمؤسسة الرسالة، _c1985 |
|
| 300 |
_aمجلد ؛ _c24 سم |
||
| 336 |
_aنص _btxt _2rdacontent _3كتاب |
||
| 337 |
_aبدون وسيط _bn _2rdamedia |
||
| 338 |
_aمجلد _bnc _2rdacarrier |
||
| 500 | _aملاحظات من الشيخ الدكتور عبدالوهاب سليمان رحمه الله بداخل الكتاب | ||
| 650 | 7 |
_aتراجم _2aucsh |
|
| 700 | 1 | 2 |
_iتحقيق لـ (عمل) : _aالذهبي، محمد بن أحمد بن عثمان، _d673-748 هجري. _tسير أعلام النبلاء |
| 700 | 1 |
_aالأرناؤوط، شعيب، _d1928-2016 _eمحقق. |
|
| 856 |
_uhttp://www.alwaraq.net/Core/waraq/coverpage?bookid=371&option=1 _yExternal Link _2 نرجو الانتباه لإمكانية وجود اختلاف في الطبعة أو الناشر بين البيانات على البوابة وما ستجده على الكتاب نظرا لمحدودية المعلومات المتاحة على الموقع الناشر للمادة. _3Please note that there may be a difference in the edition or publisher between the data on the portal and the book due to the limited information available on the publisher website for the material. |
||
| 856 |
_uhttp://www.alwaraq.net/Core/AlwaraqSrv/bookpage?book=371&option=1&fkey=2&page=1 _yDigital Copy _2 نرجو الانتباه لإمكانية وجود اختلاف في الطبعة أو الناشر بين البيانات على البوابة وما ستجده على الكتاب نظرا لمحدودية المعلومات المتاحة على الموقع الناشر للمادة. _3Please note that there may be a difference in the edition or publisher between the data on the portal and the book due to the limited information available on the publisher website for the material. |
||
| 899 | _aكتب | ||
| 942 |
_2ddc _cBOOK _n0 |
||
| 949 |
_aSA-JeALM _d241216 _uosman123 _n1 |
||
| 999 |
_c3558 _d3558 |
||